[Event "FRA-ch Youth 2017"]
[Site "Belfort"]
[Date "2017.04.17"]
[Round "2"]
[White "Jrade, Willis"]
[Black "Viennot, Dylan"]
[Result "0-1"]
[WhiteElo "2113"]
[BlackElo "2263"]
[Annotator "TA"]
[PlyCount "68"]
[EventDate "2017.??.??"]
[EventCountry "FRA"]
[SourceTitle "playchess.com"]
[Source "ChessBase"]
[SourceQuality "1"]

{[%evp 15,68,0,8,-17,-26,-34,0,-90,-46,-33,-25,-162,-150,-160,-157,-158,-143,-134,-90,-182,-189,-473,-471,-611,-583,-613,-364,-440,-217,-408,-410,-402,-263,-397,-409,-652,-642,-2983,-835,-2019,-1184,-1139,-894,-1330,-645,-2279,-1453,-3435,-1566,-1566,-706,-654,-628,-1222,-1214]} 1. e4 e6 2. d4 d5 3. exd5 exd5 4. Bd3 Nc6 5. c3 Bd6 6. Qf3 Be6 7. Ne2 Qd7 8. h3 {C01: French: Exchange Variation} O-O-O {LiveBook: 4 Games} 9. Bf4 Be7 10. Ng3 $146 {Black has an edge.} (10. Bh2 g5 11. Bb5 a6 12. Ba4 h5 13. Qd3 Nf6 14. Nd2 Bf5 15. Bxc6 Bxd3 16. Bxd7+ Nxd7 {½-½ (64) Vidarsson,J (2378)-Gurevich,M (2649) Amsterdam 2002}) 10... g6 11. Be5 (11. Nd2 $11 {keeps the balance.}) 11... f6 12. Bf4 f5 13. Be5 (13. Nd2 $11 {and White stays safe.}) 13... Nxe5 $19 14. dxe5 {[#]} d4 $1 {[%cal Rd4c3]} 15. c4 Bb4+ 16. Nd2 Ne7 17. O-O-O (17. Qe2 $17) 17... Qa4 18. Nb3 $2 (18. Kb1) 18... Qxa2 19. Kc2 Bc3 {[%csl Gc3][%cal Ra2b2]} ({But not} 19... Nc6 $2 20. Ra1 Nxe5 21. Qe2 (21. Rxa2 Nxf3 22. gxf3 Kb8 $14) (21. Qd1 Qxa1 22. Qxa1 Nxd3 $16) 21... Bxc4 22. Bxc4 (22. Rxa2 Bxd3+ 23. Qxd3 Nxd3 24. Kxd3 Kb8 $11) 22... Qxa1 23. Rxa1 $18) 20. Rb1 {Now Nc5 and White clings on.} Bd7 21. Ne2 {Threatens to win with Nec1.} Bc6 (21... Ba4 $142 22. Nec1 Bxb3+ 23. Nxb3 Nc6) 22. Qg3 $2 (22. Nec1 {only move.} Qxb1+ 23. Kxb1 Bxf3 24. gxf3) 22... Ba4 23. Nec1 Bxb3+ $1 24. Nxb3 {intending Nc1.} Nc6 25. Nc5 (25. Nc1 $142 Qa4+ 26. b3) 25... b6 {Black is clearly winning.} 26. Ne6 Rde8 (26... Qa4+ $142 27. Kc1 {[#]} Nb4 $1 {[%mdl 512]} 28. bxc3 dxc3 29. Rxb4 Qxb4) 27. Ng7 Rxe5 {( -> ...Nb4+)} 28. Kc1 Ba5 29. Qf3 Qa4 (29... Nb4 $142 30. g3 Kb8) 30. b3 Qb4 {[%csl Ga5][%cal Rb4d2]} 31. Rd1 Qc3+ (31... Qa3+ $142 32. Kc2 Nb4+ 33. Kd2 Nxd3+ 34. Kxd3 Qb4 35. Qa8+ Kd7 36. Qd5+ Rxd5 37. cxd5 Qb5+ 38. Kc2 Qc5+ 39. Kb2 Qc3+ 40. Ka3 Bb4+ 41. Ka2 Qc2+ 42. Rb2 Qxd1) 32. Bc2 Bb4 (32... Nb4 $142 33. Rb2 d3 34. Qa8+ Kd7) 33. Qxc3 Bxc3 34. g4 Nb4 0-1

[Event "FRA-ch Youth 2017"]
[Site "Belfort"]
[Date "2017.04.17"]
[Round "2"]
[White "Kern, Nicolas"]
[Black "Tahay, Alexis"]
[Result "0-1"]
[WhiteElo "2085"]
[BlackElo "2239"]
[Annotator "TA"]
[PlyCount "126"]
[EventDate "2017.??.??"]
[EventCountry "FRA"]
[SourceTitle "playchess.com"]
[Source "ChessBase"]
[SourceQuality "1"]

{[%evp 18,126,73,40,31,31,47,15,27,15,28,23,55,60,51,52,47,54,66,0,27,24,19,0,0,-4,0,-33,36,24,50,0,8,-18,-11,-17,-22,-19,0,-14,0,-49,-49,-52,-51,-90,-85,-149,-102,-149,-133,-151,-90,-109,-23,-98,-98,-104,-97,-143,-145,-149,-154,-154,-157,-344,-327,-395,-399,-645,-627,-593,-589,-602,-407,-842,-835,-803,-789,-614,-588,-588,-584,-584,-584,-580,-576,-570,-493,-2159,-1724,-29983,-9701,-6697,-6532,-6087,-6079,-5102,-5297,-4706,-4618,-29987,-29988,-29988,-29989,-29989,-29990,-29990,-29991,-29991,-29992]} 1. d4 Nf6 2. c4 c5 3. d5 b5 4. Nf3 bxc4 5. Nc3 d6 6. e4 Nbd7 7. Bxc4 g6 8. O-O Bg7 9. Re1 O-O 10. Bg5 h6 {A57: Benko/Volga Gambit} 11. Bd2 $146 (11. Bf4 g5 12. Bc1 Ng4 13. Be2 Nge5 14. Nd2 Qc7 15. Nf1 c4 16. Ne3 Nc5 17. Nxc4 Nxe4 18. Nxe4 Nxc4 {1-0 (35) Tal,M (2615)-Diaz,J (2385) Biel 1976}) 11... Ng4 12. Qc1 Kh7 {The position is equal.} 13. Nd1 Qb6 14. Bc3 Rb8 15. Bxg7 Kxg7 16. Qc3+ f6 17. Nd2 Nge5 18. Re3 (18. Be2 $14) 18... Qb4 19. Be2 g5 20. Rg3 Qxc3 21. Rxc3 Rb4 22. f3 Nb6 ({Black should play} 22... f5 $15) 23. a3 $14 Ra4 24. Ne3 f5 {[%cal Bf6f5,Bf5f4][%mdl 32]} 25. Nec4 Nexc4 26. Nxc4 Nxc4 27. Bxc4 f4 28. e5 dxe5 29. Bb5 Rd4 30. Rxc5 Rd8 31. Bc6 g4 32. Re1 (32. fxg4 $142 Bxg4 33. Rf1) 32... Kf6 33. Kf2 gxf3 34. gxf3 Rg8 ({Black should try} 34... Bh3 $1 {White must now prevent ...Rg8.} 35. Bb5 Rd2+ 36. Re2 R2xd5 37. Rxd5 Rxd5) 35. Bb5 $17 Bh3 (35... Bb7 $17 36. Bc4 Rc8 37. Rxc8 Bxc8) 36. Bf1 (36. Rc6+ $1 $11 Kf7 37. Bf1 Bxf1 38. Kxf1) 36... Bxf1 $1 37. Kxf1 {[%mdl 4096] Endgame KRR-KRR} Rd8 38. Ra5 R4xd5 39. Rxa7 {[#]} Rd3 $1 {[%cal Rd3f3]} 40. Kf2 {[#]} Rb3 $1 ({But not} 40... Rd2+ $6 41. Re2 $11) 41. Re2 $2 (41. Ra5 $17) 41... Rdd3 $19 42. Ra6+ e6 43. Ra7 $2 (43. Kg2 Rxf3 44. Ra8) 43... Rxf3+ 44. Kg2 Rfd3 45. Rf2 Rd8 46. a4 (46. Rh7 $142 Kf5 47. Rf7+ Ke4 48. Re2+ Re3 49. Rf2) 46... Rg8+ 47. Kf1 Rgb8 48. a5 Rxb2 49. a6 Rxf2+ 50. Kxf2 {KR-KR} Rb3 51. Ra8 {a7 is the strong threat.} Ra3 52. a7 {Strongly threatening Rf8+.} Kg7 53. h4 (53. Re8 $142 Rxa7 54. Rxe6) 53... e4 54. Ke2 Ra2+ (54... f3+ $142 55. Kf2 Ra2+ 56. Kg3 f2 57. Rf8 Kxf8 58. a8=Q+ Rxa8 59. Kxf2 Ra3 60. Kf1 Ra2 61. Kg1 Kf7 62. h5 Kf6 63. Kf1 Kf5 64. Ke1 e3 65. Kf1 Kg4 66. Ke1 Rd2 67. Kf1 Kg3 68. Ke1 Kf3 69. Kf1 Rd1#) 55. Kf1 e3 56. Re8 Rxa7 57. Rxe6 Ra4 58. Ke2 Kf7 {( -> ...Ra2+)} 59. Rd6 Ra2+ {Black mates.} 60. Kf3 Rf2+ 61. Kg4 e2 62. Rd7+ Ke8 63. Ra7 e1=Q 0-1

[Event "FRA-ch Youth 2017"]
[Site "Belfort"]
[Date "2017.04.17"]
[Round "2"]
[White "Popov, Konstantin"]
[Black "Trabet, Mathis"]
[Result "1-0"]
[WhiteElo "2026"]
[BlackElo "1675"]
[Annotator "NA RC"]
[PlyCount "49"]
[EventDate "2017.??.??"]
[EventCountry "FRA"]
[SourceTitle "playchess.com"]
[Source "ChessBase"]
[SourceQuality "1"]
[TimeControl "5400+30"]

1. e4 {[%emt 0:00:00]} c5 {[%emt 0:00:28]} 2. Nf3 {[%emt 0:00:23]} e6 {[%emt 0:03:24]} 3. d4 {[%emt 0:01:08]} cxd4 {[%emt 0:01:52]} 4. Nxd4 {[%emt 0:01:33]} Nc6 {[%emt 0:01:36]} 5. Be3 {[%emt 0:01:39]} Qc7 {[%emt 0:01:40]} 6. Nc3 {[%emt 0:05:18]} a6 {[%emt 0:02:31]} 7. Be2 {[%emt 0:03:24]} Nf6 {[%emt 0:04:44]} 8. O-O {[%emt 0:00:47]} Bb4 {[%emt 0:01:52]} 9. f3 {[%emt 0:14:39]} O-O {[%emt 0:04:37]} 10. Nb3 {[%emt 0:03:46]} h6 {[%emt 0:07:38] B49: Sicilian: Taimanov: 5 Nc3 Qc7 6 Be3 a6 7 Be2} (10... Bxc3 11. bxc3 d5 12. Bg5 Qe5 13. Bxf6 Qxf6 14. exd5 exd5 15. Qxd5 Qxc3 16. Bd3 Nb4 17. Qe4 g6 18. Rfd1 Bf5 19. Qxb7 Bxd3 20. cxd3 Nxd3 21. Qe4 Rad8 22. Rd2 Nc5 23. Qe1 Nxb3 {0-1 (23) Aiglon,L (2118)-Letreguilly,O (2308) France 2006}) 11. a3 {[%emt 0:01:36]} Bxc3 {[%emt 0:03:12]} 12. bxc3 {[%emt 0:00:09]} d5 {[%emt 0:00:52]} 13. Bd3 {[%emt 0:01:57]} Rd8 {[%emt 0:02:39]} 14. Qe1 $146 {[%emt 0:00:30]} (14. Qe2 Ne5 15. Bd4 Nxd3 16. cxd3 e5 17. Be3 Qxc3 18. Rab1 dxe4 19. dxe4 Be6 20. Rfc1 Qd3 21. Qe1 Bxb3 22. Rc3 Qxb1 {0-1 (22) Kaiser,G (1631)-Wilde,J (1619) Germany 2016}) 14... dxe4 {[%emt 0:07:25]} 15. Bxe4 {[%emt 0:03:06]} Nxe4 {[%emt 0:01:11]} 16. fxe4 {[%emt 0:00:03]} e5 {[%emt 0:02:08]} 17. Qg3 {[%emt 0:00:37] [#]} (17. Qf2 $11 {remains equal.}) 17... Kh8 $2 {[%emt 0:04:37]} ({Black should play} 17... Rd6 $1 $17) 18. Rf2 {[%emt 0:01:24]} (18. Qf2 $1 $14 {keeps the upper hand.}) 18... f6 {[%emt 0:02:37]} ({Black should play} 18... Rd6 $1 $15) 19. Qg6 {[%emt 0:10:14]} (19. Qh4 $11) 19... Ne7 {[%emt 0:05:18]} 20. Qf7 $15 {[%emt 0:00:48]} Rg8 {[%emt 0:06:12]} 21. Bc5 {[%emt 0:00:13]} b6 {[%emt 0:01:51]} 22. Qxe7 {[%emt 0:00:20]} Qc6 {[%emt 0:01:02]} 23. Qd6 {[%emt 0:00:53]} Qxd6 {[%emt 0:00:57]} 24. Bxd6 {[%emt 0:00:01]} Rd8 {[%emt 0:00:12]} 25. Bc7 {[%emt 0:00:06]} 1-0

[Event "FRA-ch Youth 2017"]
[Site "Belfort"]
[Date "2017.04.17"]
[Round "2"]
[White "Rollot, Florence"]
[Black "Goeau, Aurelice"]
[Result "1-0"]
[WhiteElo "1973"]
[BlackElo "1600"]
[Annotator "NA RC"]
[PlyCount "67"]
[EventDate "2017.??.??"]
[EventCountry "FRA"]
[SourceTitle "playchess.com"]
[Source "ChessBase"]
[SourceQuality "1"]
[TimeControl "5400+30"]

1. Nf3 {[%emt 0:00:00]} Nf6 {[%emt 0:00:33]} 2. c4 {[%emt 0:00:00]} g6 {[%emt 0:00:11]} 3. g3 {[%emt 0:00:00]} Bg7 {[%emt 0:00:10]} 4. Bg2 {[%emt 0:00:00]} O-O {[%emt 0:00:14]} 5. Nc3 {[%emt 0:00:15]} d6 {[%emt 0:00:16]} 6. O-O {[%emt 0:00:56]} Nbd7 {[%emt 0:00:20]} 7. Rb1 {[%emt 0:00:29]} e5 {[%emt 0:02:24]} 8. b4 {[%emt 0:01:52]} c6 {[%emt 0:07:43]} 9. d3 {[%emt 0:18:14]} Qe7 {[%emt 0:19:46] A24: English Opening vs King's Indian: Lines without ...Nc6} (9... d5 10. b5 dxc4 11. dxc4 Qa5 12. Qb3 Re8 13. Ng5 Nb8 14. Nce4 Qc7 15. Ba3 Nxe4 16. Nxe4 Rd8 17. Rfd1 Rxd1+ 18. Rxd1 cxb5 19. cxb5 Nd7 20. Rc1 {1-0 (20) Vidit,S (2565)-Narayanan,S (2483) Kocaeli 2013}) 10. Nd2 {[%emt 0:11:07]} Nb6 {[%emt 0:05:48]} 11. a4 {[%emt 0:05:14]} a5 $146 {[%emt 0:07:57]} (11... Be6 12. b5 Qc7 13. bxc6 bxc6 14. a5 Nbd7 15. Qa4 Rfc8 16. Ba3 d5 17. cxd5 Bxd5 {1-0 (31) Motzer,H (2021)-Cornaggia,R Arvier 2007}) 12. bxa5 {[%emt 0:08:51]} Rxa5 $2 {[%emt 0:00:09]} (12... Nbd7 $14) 13. Rxb6 {[%emt 0:00:28]} Qc7 {[%emt 0:02:00]} 14. Rb1 {[%emt 0:00:44]} Be6 {[%emt 0:05:37]} 15. Qb3 {[%emt 0:07:03]} Ra7 {[%emt 0:06:32]} 16. Qb6 {[%emt 0:05:32]} Qxb6 {[%emt 0:03:10]} 17. Rxb6 {[%emt 0:00:06]} Nd7 {[%emt 0:04:59]} 18. Rb4 {[%emt 0:01:16]} Rb8 {[%emt 0:04:28]} 19. Nde4 {[%emt 0:02:43]} Bf8 {[%emt 0:05:49]} 20. Be3 {[%emt 0:04:21]} Raa8 {[%emt 0:01:34]} 21. Ng5 {[%emt 0:01:25]} d5 $18 {[%emt 0:03:06]} 22. Rbb1 {[%emt 0:01:13]} d4 {[%emt 0:00:47]} 23. Nxe6 {[%emt 0:00:48]} fxe6 {[%emt 0:00:09]} 24. Ne4 {[%emt 0:02:50]} dxe3 {[%emt 0:02:59]} 25. fxe3 {[%emt 0:00:08]} Rxa4 {[%emt 0:06:29]} 26. Bh3 {[%emt 0:01:01]} Re8 {[%emt 0:01:42]} 27. Rxb7 {[%emt 0:01:01]} Re7 {[%emt 0:01:06]} 28. Rxd7 {[%emt 0:00:10]} Rxd7 {[%emt 0:01:01]} 29. Bxe6+ {[%emt 0:00:17]} Kg7 {[%emt 0:00:21]} 30. Bxd7 {[%emt 0:00:06]} Ra6 {[%emt 0:01:04]} 31. Ng5 {[%emt 0:00:28]} Bb4 {[%emt 0:01:59]} 32. Rf7+ {[%emt 0:00:49]} Kg8 {[%emt 0:00:29]} 33. Be6 {[%emt 0:00:59]} Kh8 {[%emt 0:01:13]} 34. Rxh7# 1-0

[Event "FRA-ch Youth 2017"]
[Site "Belfort"]
[Date "2017.04.17"]
[Round "2"]
[White "Laronche, Thomas"]
[Black "Flick, Antoine"]
[Result "1/2-1/2"]
[WhiteElo "1966"]
[BlackElo "2327"]
[Annotator "TA"]
[PlyCount "110"]
[EventDate "2017.??.??"]
[EventCountry "FRA"]
[SourceTitle "playchess.com"]
[Source "ChessBase"]
[SourceQuality "1"]

{[%evp 11,110,-9,2,-7,5,-35,8,-10,-8,-11,0,-31,-16,-56,0,-12,10,8,8,8,30,-31,0,0,179,168,140,29,623,631,560,411,522,521,523,516,624,615,779,774,766,763,758,751,898,635,688,658,654,641,635,622,844,839,836,832,813,638,597,144,960,286,563,543,795,783,659,413,326,217,180,180,180,180,297,20,20,20,20,20,20,20,20,20,20,20,20,20,20,20,20,20,20,20,20,20,20,12,12,12,12]} 1. b4 d5 2. Bb2 Nf6 3. Nf3 e6 4. a3 Be7 5. e3 O-O {A00: Irregular Openings} 6. c4 c6 {LiveBook: 3 Games} 7. Nc3 Nbd7 8. Be2 b6 9. Qb3 $146 (9. cxd5 cxd5 10. O-O a6 11. Nd4 Bb7 12. f4 Nb8 13. Rc1 {1-0 (44) Deviatkin,A (2567)-Melia,S (2416) Kavala 2008}) 9... Bb7 10. d3 $1 Bd6 11. h3 Qe7 12. Rc1 Rac8 (12... dxc4 $15 13. dxc4 a5) 13. O-O Rfd8 14. d4 dxc4 15. Bxc4 e5 16. e4 (16. Ng5 $11 Rf8 17. Nce4 Nxe4 18. Nxe4 exd4 19. Nxd6 Qxd6 20. exd4) 16... exd4 17. Nxd4 {Nf5 is the strong threat.} Bf4 $2 ({Don't capture} 17... Nxe4 $2 18. Nxe4 Qxe4 19. Bxf7+ Kh8 20. Ne6 $18) (17... g6 $1 $11) 18. Nf5 $36 {[%mdl 2048] White has strong initiative.} Qf8 19. Rcd1 (19. e5 $1 $16 Nxe5 20. Ne2 Nxc4 21. Rxc4) 19... Ne5 $2 {[%mdl 8192]} (19... b5 $11 20. Be2 g6) 20. Ne2 Nxc4 21. Qxc4 (21. Nxf4 Nxb2 22. Qxb2 Ba6 $16) 21... Bb8 {[#]} 22. Nh6+ $1 {[%mdl 512]} gxh6 23. Bxf6 b5 24. Qc3 ({Weaker is} 24. Rxd8 bxc4 25. Rxf8+ Kxf8 $16) 24... Rxd1 25. Rxd1 c5 26. e5 {Qg3+ would kill now.} Be4 27. bxc5 Qe8 28. f4 Bg6 29. Qg3 Qc6 30. f5 Qxc5+ 31. Kh1 Qc2 {[#]} 32. Nc3 $1 {[%mdl 512]} Qxf5 (32... Qxc3 33. Qxc3) 33. Nd5 {And now Ne7+ would win.} Qc2 34. Re1 Re8 35. h4 $2 (35. Qf4 $18 {is more deadly.} Qc5 36. Ne7+ $1 {[%mdl 512]} Qxe7 37. Bxe7 Rxe7 38. Qf6) 35... Qc4 $2 {[%mdl 8192]} (35... Qd2 $16 36. Ne7+ Kf8) 36. Nf4 $2 (36. Qe3 Rxe5 37. Ne7+ Kf8 38. Bxe5 Qxh4+ 39. Kg1 Qxe7 40. Bg7+ $1 {[%mdl 512]} Kxg7 41. Qxe7) 36... h5 $2 (36... Qc5 {was worth a try.} 37. h5 Rxe5) 37. Qg5 {White wants to mate with Qh6.} Qc5 38. Nxh5 ({Not} 38. Nxg6 fxg6 39. Qd2 Qc6 $11) 38... Qf8 39. Bg7 Qe7 {Threatens to win with ...Qxg5.} 40. Nf6+ Kxg7 41. Nxe8+ Qxe8 42. h5 Qe6 {[#]} (42... Kg8 {keeps fighting.}) 43. hxg6 $2 ({Only move:} 43. h6+ $1 $18 Kf8 44. Qd8+ Qe8 45. Qf6) 43... hxg6 $11 {The position is equal.} 44. Qf6+ Qxf6 45. exf6+ Kxf6 {[%mdl 4096] Endgame KR-KB} 46. Rb1 Bd6 47. Rxb5 {Strongly threatening Ra5.} Bxa3 48. Ra5 Bd6 49. Rxa7 Bg3 50. Ra3 Be5 51. Rf3+ Kg7 52. Kg1 f5 53. Kf1 Kf6 54. g4 Kg5 55. gxf5 gxf5 1/2-1/2

[Event "FRA-ch Youth 2017"]
[Site "Belfort"]
[Date "2017.04.17"]
[Round "2"]
[White "Simon, Antoine"]
[Black "Bouvet, Florian"]
[Result "0-1"]
[WhiteElo "1947"]
[BlackElo "2183"]
[Annotator "TA"]
[PlyCount "60"]
[EventDate "2017.??.??"]
[EventCountry "FRA"]
[SourceTitle "playchess.com"]
[Source "ChessBase"]
[SourceQuality "1"]

{[%evp 14,60,43,38,43,36,43,41,49,54,48,54,50,44,47,25,49,39,39,5,19,-37,-35,-36,-37,-71,-66,-319,-330,-431,-420,-409,-277,-329,-251,-262,-246,-686,-679,-1198,-1037,-29997,-29989,-29994,-29993,-29995,-29987,-29983,-29984]} 1. d4 Nf6 2. c4 g6 3. Nc3 d5 4. cxd5 Nxd5 5. e4 Nxc3 6. bxc3 Bg7 7. Qa4+ c6 8. Nf3 O-O {D90: Grünfeld: 4 Nf3 Bg7 sidelines} 9. Be2 Qc7 (9... Nd7 10. O-O b5 11. Qa3 Nb6 12. Bg5 Re8 13. Rfd1 Qc7 14. Rac1 a5 15. c4 b4 16. Qb3 c5 17. d5 Bd7 {0-1 (38) Debashis,D (2484)-Hansen,E (2584) Dubai 2014}) 10. O-O Bg4 {White is slightly better.} 11. h3 Bxf3 $146 (11... Bc8 12. Be3 Nd7 13. Rac1 b5 14. Qc2 Nb6 15. c4 bxc4 16. Bxc4 {1-0 (31) Ratkovic,M (2146)-Mijatovic,B (1956) Paracin 2011}) 12. Bxf3 e5 13. Rd1 Nd7 14. Rb1 Rfe8 15. Qb3 b6 16. Ba3 Rad8 17. d5 (17. Qc2 $11) 17... cxd5 $15 18. exd5 Nc5 19. Qc4 Bf8 20. Rd2 $2 {[%mdl 8192] [#]} (20. Re1 $15) 20... e4 $19 21. Bg4 h5 22. Be2 Qf4 23. Rbd1 Bd6 {[#] ( -> ...Qh2+)} 24. g3 Qf5 $40 {[%mdl 128] ...e3 is the strong threat. Black attacks with force.} 25. Kg2 $2 (25. Bxc5 Bxc5 26. Bf1) 25... e3 26. fxe3 Rxe3 27. g4 Qe5 {Black mates.} 28. Bxc5 Qh2+ ({Weaker is} 28... Rxc3 29. Bxd6 Rxd6 30. Qd4 Qg3+ 31. Kf1 Qxh3+ 32. Ke1 Qh4+ 33. Qf2 $15) 29. Kf1 Qxh3+ 30. Kf2 Bxc5 0-1

[Event "FRA-ch Youth 2017"]
[Site "Belfort"]
[Date "2017.04.17"]
[Round "2"]
[White "Charvein, Gabriel"]
[Black "Lever, Erwan"]
[Result "0-1"]
[WhiteElo "1934"]
[BlackElo "2129"]
[Annotator "TA"]
[PlyCount "54"]
[EventDate "2017.??.??"]
[EventCountry "FRA"]
[SourceTitle "playchess.com"]
[Source "ChessBase"]
[SourceQuality "1"]

{[%evp 9,54,13,10,11,36,-4,0,-15,-16,-52,-26,-43,-43,-145,-157,-250,-262,-247,-268,-270,-252,-243,-231,-320,-307,-310,-280,-354,-347,-332,-338,-356,-313,-351,-352,-389,-389,-381,-329,-584,-550,-570,-565,-550,-529,-997,-1040]} 1. e4 c5 2. Nf3 d6 3. Bb5+ Nd7 4. O-O a6 5. Be2 Ngf6 6. d3 {B51: Sicilian: Moscow Variation (3 Bb5+) without 3...Bd7} g6 7. c3 Bg7 8. Nbd2 {The position is equal.} O-O 9. Nh4 $146 (9. d4 Qc7 10. a4 cxd4 11. cxd4 b6 12. Bd3 Bb7 13. Qe2 e5 {0-1 (31) Gusarov,A (2100)-Smirnov,P (2626) Samara 2014}) 9... d5 10. f4 e5 11. Qe1 {[#]} (11. f5 $15) 11... exf4 $1 $17 12. Rxf4 (12. Qf2 $17) 12... g5 $1 $19 {[%csl LRf4,LRh4]} 13. Rxf6 Nxf6 ({Much less strong is} 13... Bxf6 14. Nf5) 14. Nf5 Bxf5 15. exf5 Re8 16. Qf2 Qe7 17. Kf1 Qd6 18. g4 Re7 19. Bf3 Rae8 20. Kg2 Nd7 {[%cal Bf6d7,Bd7e5,Be5d3][%mdl 32]} 21. Nf1 h6 ({Not} 21... Re1 {[#]} 22. Bf4 $1 {[%mdl 512]} Qe7 23. Rxe1 Qxe1 24. Bxg5 $17) 22. Ng3 Ne5 23. Be2 c4 {[%cal Bc5c4,Bc4d3,Bd3d2][%mdl 32]} 24. d4 $2 (24. f6 Qxf6 25. dxc4) 24... Nd3 {Black is clearly winning.} 25. Bxd3 cxd3 26. Qf3 {[#]} Re2+ $1 {[%mdl 512]} 27. Kh3 (27. Nxe2 Rxe2+) 27... d2 0-1

[Event "FRA-ch Youth 2017"]
[Site "Belfort"]
[Date "2017.04.17"]
[Round "2"]
[White "Roux, Baptiste"]
[Black "Bernard, Mathis"]
[Result "1-0"]
[WhiteElo "1934"]
[BlackElo "1631"]
[Annotator "NA RC"]
[PlyCount "46"]
[EventDate "2017.??.??"]
[EventCountry "FRA"]
[SourceTitle "playchess.com"]
[Source "ChessBase"]
[SourceQuality "1"]
[TimeControl "5400+30"]

1. e4 {[%emt 0:00:00]} Nf6 {[%emt 0:00:04]} 2. e5 {[%emt 0:00:00]} Nd5 {[%emt 0:00:05]} 3. d4 {[%emt 0:00:00]} d6 {[%emt 0:00:16]} 4. c4 {[%emt 0:00:00]} Nb6 {[%emt 0:00:06]} 5. exd6 {[%emt 0:00:09]} exd6 {[%emt 0:00:15]} 6. Nc3 {[%emt 0:01:28]} Be7 {[%emt 0:01:42]} 7. Bd3 {[%emt 0:02:06]} Nc6 {[%emt 0:01:55]} 8. Nge2 {[%emt 0:00:33]} Bg4 {[%emt 0:01:16]} 9. Be3 {[%emt 0:02:44] B03: Alekhine's Defence: Four Pawns Attack} (9. f3 Bh4+ 10. g3 Bxf3 11. O-O Bxe2 12. Qxe2+ Be7 13. Qe4 Qd7 14. Nd5 Nxd5 15. cxd5 Nb4 16. Bb1 Qb5 17. Bg5 {1-0 (31) Volokitin,A (2649)-Bortnyk,O (2581) Doha 2016}) 9... Bf6 {[%emt 0:02:09]} 10. Qb3 {[%emt 0:16:02]} Rb8 $146 {[%emt 0:08:17]} (10... O-O 11. O-O a5 12. a3 Bxe2 13. Nxe2 a4 14. Qc2 g6 15. f4 Re8 16. Bf2 d5 {1-0 (30) Gochelashvili,D (2439)-Tsiss,A (2282) Novomikhailovsky 2011}) 11. h3 {[%emt 0:01:23]} Bd7 {[%emt 0:03:49]} 12. Ne4 {[%emt 0:03:37]} Be7 {[%emt 0:02:15]} 13. O-O {[%emt 0:02:04]} O-O {[%emt 0:03:36]} 14. f4 {[%emt 0:05:05]} Bf5 {[%emt 0:08:10]} 15. Ng5 {[%emt 0:13:51]} ({Better is} 15. d5 $16) 15... Bg6 {[%emt 0:07:57]} (15... Na5 $15 16. Qc3 Bxd3 17. Qxd3 Bxg5 18. fxg5 Naxc4) 16. Bxg6 {[%emt 0:03:40]} hxg6 {[%emt 0:02:18]} 17. c5 {[%emt 0:04:07]} Nc8 {[%emt 0:05:04]} (17... dxc5 $15 18. dxc5 Na5) 18. d5 {[%emt 0:07:23]} Na5 $1 {[%emt 0:00:33]} 19. Qc3 {[%emt 0:00:22]} b6 $16 {[%emt 0:00:49]} (19... Re8 $1 $11 {keeps the balance.}) 20. Bd4 {[%emt 0:06:54]} Bf6 {[%emt 0:01:32]} 21. c6 {[%emt 0:03:08]} Bxd4+ {[%emt 0:05:17]} 22. Nxd4 {[%emt 0:00:28]} Ne7 {[%emt 0:02:03]} 23. Nde6 {[%emt 0:01:15]} Re8 1-0

[Event "FRA-ch Youth 2017"]
[Site "Belfort"]
[Date "2017.04.17"]
[Round "2"]
[White "Denninger, Guilhem"]
[Black "Laurent-Paoli, Pierre"]
[Result "0-1"]
[WhiteElo "1929"]
[BlackElo "2298"]
[Annotator "TA"]
[PlyCount "68"]
[EventDate "2017.??.??"]
[EventCountry "FRA"]
[SourceTitle "playchess.com"]
[Source "ChessBase"]
[SourceQuality "1"]

{[%evp 17,68,2,8,2,17,12,37,48,36,12,73,-7,-7,-8,-9,-18,0,-5,-11,-6,15,22,33,0,35,0,0,0,0,-115,-63,-66,-59,-387,-46,-158,-66,-362,-360,-329,-180,-188,-185,-185,-183,-193,-184,-170,-175,-29994,-29995,-29995,-29996]} 1. c4 e5 2. Nc3 d6 3. g3 f5 4. d3 Nf6 5. Bg2 Be7 6. e3 c6 7. Nge2 O-O 8. f4 {A21: English Opening: 1...e5 2 Nc3} Be6 9. O-O Na6 {LiveBook: 3 Games} 10. Rb1 {The position is equal.} Qe8 $146 (10... Nc7 11. b4 exf4 12. Nxf4 Bf7 {½-½ (40) Deepan Chakkravarthy,J (2478)-Bernadskiy,V (2546) Chennai 2016}) 11. b4 {[%cal Bb2b4,Bb4b5][%mdl 32]} Nc7 12. b5 Bd7 13. Ba3 (13. h3 $5 {with more complications.} h6 14. e4 fxe4 15. bxc6 bxc6 16. dxe4 Be6 17. Qa4) 13... Kh8 (13... exf4 $11 14. Nxf4 Ng4) 14. fxe5 (14. bxc6 $16 Bxc6 15. Bxc6 bxc6 16. Rb7) 14... dxe5 $11 15. Bxe7 Qxe7 16. bxc6 Bxc6 17. Bxc6 ({Much worse is} 17. Rxf5 Bxg2 18. Kxg2 Ng4 19. Rxf8+ Rxf8 $17) 17... bxc6 18. Rxf5 Ng4 19. Rxf8+ $1 Rxf8 20. Ne4 (20. Qd2 $5 {feels hotter.} Qf7 21. Ne4 Qf3 22. N2c3 Nxe3 23. Qf2) 20... Ne6 21. N2c3 Nxe3 22. Qe2 Nf5 23. Nf2 (23. Rf1 $11 {keeps the balance.}) 23... Nfd4 (23... Ned4 $17 24. Qh5 Ne3) 24. Qe3 $15 Qf7 {...Nc2 is the strong threat.} 25. Nce4 $2 {[%mdl 8192] [#]} ({Better is} 25. Nfe4 $15) 25... h6 $2 (25... Nc2 $1 $19 {[%cal Rc2e3]} 26. Nd6 Nxe3 27. Nxf7+ Rxf7 28. Rb8+ Rf8 29. Rxf8+ Nxf8) 26. h3 (26. Rb2 $15) 26... Qg6 (26... Nc2 $17 27. Qc1 Ned4) 27. Kh1 $2 {[%mdl 8192] [#]} (27. Ng4 $1 $15) 27... Nf5 $1 $19 {[%cal Rf5e3]} 28. Qf3 {[#]} Nxg3+ $1 {[%mdl 512]} (28... Ned4 $142 29. Qg4 Qf7) 29. Qxg3 (29. Nxg3 Rxf3) 29... Qxg3 30. Nxg3 {Hoping for Nge4.} Rxf2 {KRN-KRN} 31. Re1 Rxa2 32. Rxe5 Nd4 33. Nh5 $2 (33. Re4 $19 Nf3 34. Ne2) 33... Nf3 {[%csl Gf3][%cal Ra2h2]} 34. Re8+ Kh7 0-1